Statistics for Tottenham Hotspur FC Top 10 all-time scorers

Click here to take the quiz!

General Stats

  • This quiz has been taken 834 times
  • The average score is 4 of 10

Answer Stats

Number of GoalsAnswer% Correct
143Jermain Defoe
80%
266Jimmy Greaves
74%
122Robbie Keane
68%
124Teddy Sheringham
62%
174Martin Chivers
29%
208Bobby Smith
21%
133Alan Gilzean
16%
159Cliff Jones
15%
138George Hunt
4%
134Len Duquemin
4%

Score Distribution

Percentile by Number Answered

Percent of People with Each Score

Your Score History

You have not taken this quiz